| 000 | 00953nam a2200289 i 4500 | ||
|---|---|---|---|
| 003 | DO-SdBNP | ||
| 005 | 20240313133357.0 | ||
| 007 | ta | ||
| 008 | 090903s1994 dr 001 0 spa d | ||
| 040 |
_aDO-SdBNP _bspa _cBNPHU _erda |
||
| 082 |
_a346.7293052 _bP438s, 1994 _222 |
||
| 100 | 1 |
_aPèrez Mèndez, Artagnan, _d1929-2017 _977104 |
|
| 245 | 1 | 0 |
_aSucesiones y liberalidades / _cArtagnan Pérez Méndez. |
| 250 | _a3a. edición | ||
| 264 | 1 |
_aSanto Domingo : _bTaller, _c1994. |
|
| 300 |
_a245 páginas _c24 cm. |
||
| 336 |
_2rdacontent _atexto _btxt |
||
| 337 |
_2rdamedia _asin mediación _bn |
||
| 338 |
_2rdacarrier _avolumen _bnc |
||
| 500 | _aIncluye índice alfabético | ||
| 500 | _aIncluye referencias bibliográficas y notas al pie de las páginas | ||
| 504 | _aBibliografía : p. 213-214 | ||
| 590 | _aInventariado, 2023/ YL | ||
| 650 | 4 |
_aDerecho sucesorio _zRepública Dominicana _98467 |
|
| 910 | _aYLockward | ||
| 942 |
_2ddc _cLBS1 |
||
| 999 |
_c55644 _d55644 |
||